The essential guide to knowledge management: E-business and CRM applications (Record no. 201650)
[ view plain ]
| 000 -LEADER | |
|---|---|
| fixed length control field | 00372nam a2200133Ia 4500 |
| 008 - FIXED-LENGTH DATA ELEMENTS--GENERAL INFORMATION | |
| fixed length control field | 231221s9999 xx 000 0 und d |
| 041 ## - LANGUAGE CODE | |
| Language code of text/sound track or separate title | English |
| 082 ## - DEWEY DECIMAL CLASSIFICATION NUMBER | |
| Classification number | 001.64404 TIW1;3 |
| 100 ## - MAIN ENTRY--PERSONAL NAME | |
| Personal name | Tiwana, Amrit |
| 245 #4 - TITLE STATEMENT | |
| Title | The essential guide to knowledge management: E-business and CRM applications |
| 260 ## - PUBLICATION, DISTRIBUTION, ETC. | |
| Date of publication, distribution, etc. | 2001 |
| Name of publisher, distributor, etc. | Pearson |
| Place of publication, distribution, etc. | DELHI |
| 300 ## - PHYSICAL DESCRIPTION | |
| Extent | xxiv+315 |
| 942 ## - ADDED ENTRY ELEMENTS (KOHA) | |
| Koha item type | Business Management Library |
| Date last seen | Total checkouts | Full call number | Accession number | Cost, total (INR) price | Price effective from | Category | Lost status | Damaged status | Department | Withdrawn status | Home library | Current library | Shelving location | Entry date | Vendor | Cost, normal purchase price | Grants | Billnumber | Billdate | Currency symbol | Conversion rate | Discount | Old discount |
|---|---|---|---|---|---|---|---|---|---|---|---|---|---|---|---|---|---|---|---|---|---|---|---|
| 26/01/2024 | 001.64404 TIW1;3 | BM308 | 236.00 | 26/01/2024 | Business Management Library | Central Library | Central Library | Central Library | Central Library | Mega Books | 295.00 | BM | 3275 | 08/07/2009 | RS | 1 | 59 | 20 | |||||
| 26/01/2024 | 001.64404 TIW1;4 | BM309 | 236.00 | 26/01/2024 | Business Management Library | Central Library | Central Library | Central Library | Central Library | Mega Books | 295.00 | BM | 3275 | 08/07/2009 | RS | 1 | 59 | 20 | |||||
| 26/01/2024 | 001.64404 TIW1;5 | BM310 | 236.00 | 26/01/2024 | Business Management Library | Central Library | Central Library | Central Library | Central Library | Mega Books | 295.00 | BM | 3275 | 08/07/2009 | RS | 1 | 59 | 20 | |||||
| 26/01/2024 | 001.64404 TIW1;6 | BM311 | 236.00 | 26/01/2024 | Business Management Library | Central Library | Central Library | Central Library | Central Library | Mega Books | 295.00 | BM | 3275 | 08/07/2009 | RS | 1 | 59 | 20 | |||||
| 26/01/2024 | 001.64404 TIW1 | BM312 | 236.00 | 26/01/2024 | Business Management Library | Central Library | Central Library | Central Library | Central Library | Mega Books | 295.00 | BM | 3275 | 08/07/2009 | RS | 1 | 59 | 20 |
